Physical Ceramics (Record no. 617381)

000 -LEADER
fixed length control field 00372nam a22001337a 4500
020 ## - INTERNATIONAL STANDARD BOOK NUMBER
International Standard Book Number 0-471-59873-9
040 ## - CATALOGING SOURCE
Transcribing agency John Wiley
082 ## - DEWEY DECIMAL CLASSIFICATION NUMBER
Classification number 620.118
Author Mark C5321 P
100 ## - MAIN ENTRY--PERSONAL NAME
Personal name Chiang, Yet - Ming
9 (RLIN) 134400
245 ## - TITLE STATEMENT
Title Physical Ceramics
Remainder of title Principles for Ceramic Science and Engineering
260 ## - PUBLICATION, DISTRIBUTION, ETC.
Place of publication, distribution, etc. Canada
Name of publisher, distributor, etc. John Wiley
Date of publication, distribution, etc. 1997
300 ## - PHYSICAL DESCRIPTION
Extent xiv, 522p.
Dimensions 26cm.
942 ## - ADDED ENTRY ELEMENTS (KOHA)
Source of classification or shelving scheme
Koha item type Reference
Holdings
Withdrawn status Lost status Source of classification or shelving scheme Damaged status Not for loan Permanent Location Current Location Date acquired Total Checkouts Full call number Barcode Date last seen Price effective from Koha item type
          School of Chemical & Materials Engineering (SCME) School of Chemical & Materials Engineering (SCME) 05/11/2026   620.118 C5321 P SCME-4892 05/11/2026 05/11/2026 Reference
© 2023 Central Library, National University of Sciences and Technology. All Rights Reserved.